000
00235nam a2200097Ia 4500
008
240331s9999 xx 000 0 und d
082
_b
NEW
100
_a
McHenry, R. Ed.
245
4
_a
The new encyclopaedia Britannica :
_b
Vol. 9
942
_c
L
999
_c
3280
_d
3280